• Kusturica Emir

di Personal Name

Records bibliografici associati: 1

001 - CONTROL NUMBER

  • control field: 48769

003 - CONTROL NUMBER IDENTIFIER

  • control field: IT-RoPau

005 - DATE AND TIME OF LATEST TRANSACTION

  • control field: 20151201213916.0

008 - FIXED-LENGTH DATA ELEMENTS

  • fixed length control field: 151201|| aca||aabn | a|a d

040 ## - CATALOGING SOURCE

  • Original cataloging agency: IT-RoPau
  • Transcribing agency: IT-RoPau

100 ## - HEADING--PERSONAL NAME

  • Personal name: Kusturica Emir
  • Miscellaneous information: Codice regista SPICS: 26358

670 ## - SOURCE DATA FOUND

  • Source citation: Work cat.: (IT-RoPau)106792: Kusturica Emir Codice regista SPICS: 26358, PAPA' E' IN VIAGGIO D'AFFARI PAPA' E' IN VIAGGIO D'AFFARI (Rif. Codice opera principale : 74487)
CREDITS: SOCIETA' SAN PAOLO Via A.Severo, 58 - ROMA (RM) & PERIODICI SAN PAOLO SRL Via Giotto, 36 MILANO & CISF Via Giotto, 36 MILANO & EDIZIONI SAN PAOLO SRL,  Piazza Soncino, 5 CINISELLO BALSAMO (MI) -- ITALY